| 000 | 00451nam a2200181Ia 4500 | ||
|---|---|---|---|
| 008 | 240925s9999 xx 000 0 und d | ||
| 020 | _a707113849 | ||
| 082 | _a539 BEI | ||
| 100 | _aBeiser, Arthur | ||
| 245 | 0 | _aConcepts of Modern Physics | |
| 250 | _a5th | ||
| 260 |
_aNew York: _bMcGraw-Hill _c,1995. |
||
| 300 |
_a455p. _bNA _fPirated |
||
| 500 | _aIncludes Index | ||
| 600 | _aHumanities & Natural Science | ||
| 650 | _aPhysics | ||
| 942 | _cBK | ||
| 999 |
_c2649 _d2649 |
||